Vui học cùng phụ âm trung

Gardado en:
Detalles Bibliográficos
Formato: Libro
Các nhãn: Engadir etiqueta
Sen Etiquetas, Sexa o primeiro en etiquetar este rexistro!
Thư viện lưu trữ: Mạng thư viện Đại học Đà Nẵng
LEADER 00413nam a22001691a 4500
001 000036694
003 12989
005 20160412012709.0
008 160412s0 000
082 |a 4T(07)84 
245 |a Vui học cùng phụ âm trung  |c Narabodee 
OWN |a LNN 
999 |a From the UDN01 
TYP |a Monograph 
980 |a Mạng thư viện Đại học Đà Nẵng